| 000 | 00706nam a22002057a 4500 | ||
|---|---|---|---|
| 999 |
_c19497 _d19497 |
||
| 003 | AR-CdUCM | ||
| 008 | 190517b ||||| |||| 00| 0 spa d | ||
| 040 |
_aMUNICIPALIDAD PROVINCIAL DEL CUSCO _cBIBLIOTECA MUNICIPAL DEL CUSCO |
||
| 082 |
_a375.49 / _bJ72 |
||
| 100 |
_aJones, Richard Kent _940862 |
||
| 245 | _aMétodos didácticos audiovisuales / | ||
| 260 |
_aMéxico : _bPax México, _c1973. |
||
| 300 |
_a283 páginas ; _c23 cm. |
||
| 505 | _aContenido : Habilidades básicas -- Importancia del dibujo -- Habilidades en el aula... | ||
| 650 |
_aLa enseñanza _939510 |
||
| 650 |
_aDecoraciones murales _940863 |
||
| 650 |
_aConvivencia en las aulas _940864 |
||
| 942 |
_2ddc _cLIBROS |
||
| 945 | _arcc | ||